Calculus for business, economics, and the social and life sciences

Gardado en:
Detalles Bibliográficos
Autor Principal: Hoffmann, Laurence D.
Formato: Libro
Idioma:Undetermined
Publicado: Boston McGraw Hill Higher Education 2004
Những chủ đề:
Các nhãn: Engadir etiqueta
Sen Etiquetas, Sexa o primeiro en etiquetar este rexistro!
Thư viện lưu trữ: Trung tâm Học liệu Trường Đại học Cần Thơ
LEADER 00581nam a2200193Ia 4500
001 CTU_129941
008 210402s9999 xx 000 0 und d
020 |c 3.65 
082 |a 515 
082 |b H699 
100 |a Hoffmann, Laurence D. 
245 0 |a Calculus for business, economics, and the social and life sciences 
245 0 |c Laurence D. Hoffmann, Gerald L. Bradley and Kenneth H. Rosen 
260 |a Boston 
260 |b McGraw Hill Higher Education 
260 |c 2004 
650 |a Calculus 
904 |i Giang 
980 |a Trung tâm Học liệu Trường Đại học Cần Thơ